书目信息 |
| 题名: |
大学英语四级考试与辅导
|
|
| 作者: | 井升华 总主编 ;高圣兵 册主编 | |
| 分册: | 功力卷 | |
| 出版信息: | 北京 外语教学与研究出版社 2001 |
|
| 页数: | 141页 | |
| 开本: | 26cm | |
| 丛书名: | ||
| 单 册: | ||
| 中图分类: | H310.4 , H315 | |
| 科图分类: | ||
| 主题词: | 英语--高等学校--教学参考资料 , 英语--写作--高等学校--教学参考资料 , 英语 , 写作 | |
| 电子资源: | ||
| ISBN: | 7-5600-2243-X | |
| 000 | 01078nam0 2200289 450 | |
| 001 | 1230784625 | |
| 005 | 20121012083605.21 | |
| 010 | @a7-5600-2243-X@dCNY9.90 | |
| 100 | @a20030110e20022001em y0chiy0110 ea | |
| 101 | 0 | @achi@aeng |
| 102 | @aCN@b110000 | |
| 105 | @ay z 000yy | |
| 200 | 1 | @a大学英语四级考试与辅导@Ada xue ying yu si ji kao shi yu fu dao@i功力卷@i写作@f井升华总主编@g高圣兵册主编 |
| 210 | @a北京@c外语教学与研究出版社@d2001@h2002重印 | |
| 215 | @a141页@d26cm | |
| 330 | @a本书从中国大学生英语写作的实际水平和需要出发,总结了写作要点,对段落和短文写作的基本理论作了较为详细的阐述,同时精心设计了循序渐进的段落和短文写作训练方案。 | |
| 512 | 1 | @a大学英语4级考试与辅导@Ada xue ying yu 4 ji kao shi yu fu dao@i功力卷@i写作 |
| 606 | 0 | @a英语@x高等学校@j教学参考资料 |
| 606 | 0 | @a英语@x写作@x高等学校@j教学参考资料 |
| 606 | 0 | @a英语 |
| 606 | 0 | @a写作 |
| 690 | @aH310.4@v4 | |
| 690 | @aH315@v4 | |
| 701 | 0 | @a井升华@Ajing sheng hua@4总主编 |
| 702 | 0 | @a高圣兵@Agao sheng bing@4册主编 |
| 801 | 0 | @aCN@bNLC@c20101222 |
| 905 | @a10447@dH310.4@eJY546 | |
| 大学英语四级考试与辅导.功力卷.写作/井升华总主编/高圣兵册主编.-北京:外语教学与研究出版社,2001(2002重印) |
| 141页;26cm |
| ISBN 7-5600-2243-X:CNY9.90 |
| 本书从中国大学生英语写作的实际水平和需要出发,总结了写作要点,对段落和短文写作的基本理论作了较为详细的阐述,同时精心设计了循序渐进的段落和短文写作训练方案。 |
| ● |
| 相关链接 |
|
|
|
|
正题名:大学英语四级考试与辅导
索取号:H310.4/JY546
 
预约/预借
| 序号 | 登录号 | 条形码 | 馆藏地/架位号 | 状态 | 备注 |
| 1 | 7820474 | 278204747 | 学院路分馆/ [索取号:H310.4/JY546] | 在馆 | |
| 2 | 7820475 | 278204756 | 学院路分馆/ [索取号:H310.4/JY546] | 在馆 | |
| 3 | 7820477 | 278204774 | 学院路分馆/ [索取号:H310.4/JY546] | 在馆 | |
| 4 | 7820478 | 278204783 | 学院路分馆/ [索取号:H310.4/JY546] | 在馆 |